00483nam a22001457a 4500040001500000082001800015100002000033245004900053250001200102260003800114300002300152942002100175999001900196952012200215 cJohn Wiley a510 Kb9211 A aKreyszig, Erwin aAdvanced Engineering Mathematics 5th Edition a5th Ed. aNew YorkbJohn Wiley & Sonsc1983 axvii, 988p.c26cm. 2ddccBKe5th ed. c616474d616474 00102ddc4070aSCMEbSCMEd2026-03-02l0o510 K 9211 ApSCME-D331r2026-03-02w2026-03-02yBKzDonated by Dr. Ahsan